Zemědělské družstevnictví v zemích s tržní ekonomikou Studijní zpráva
Salvato in:
| Autore principale: | |
|---|---|
| Natura: | Libro |
| Lingua: | ceco |
| Pubblicazione: |
Praha
Ústav vědeckotechnických informací pro zemědelství
1992
|
| Edizione: | 1. vyd. |
| Soggetti: | |
| Tags: |
Nessun Tag, puoi essere il primo ad aggiungerne!!
|
MARC
| LEADER | 00000nam a2200000 4500 | ||
|---|---|---|---|
| 001 | c001303 | ||
| 005 | 20221214091137.8 | ||
| 041 | 0 | |a cze | |
| 044 | |a CZ | ||
| 245 | 1 | 0 | |a Zemědělské družstevnictví v zemích s tržní ekonomikou |b Studijní zpráva |c Jena Javůrková |
| 250 | |a 1. vyd. | ||
| 264 | 1 | |a Praha |b Ústav vědeckotechnických informací pro zemědelství |c 1992 | |
| 300 | |a 67 s. | ||
| 610 | 2 | 0 | |a družstvá poľnohospodárske |
| 610 | 2 | 0 | |a hospodárstvo trhové |
| 610 | 2 | 0 | |a Dánsko |
| 610 | 2 | 0 | |a Holandsko |
| 610 | 2 | 0 | |a Švédsko |
| 610 | 2 | 0 | |a Nórsko |
| 610 | 2 | 0 | |a USA |
| 610 | 2 | 0 | |a Izrael |
| 610 | 2 | 0 | |a podnik poľnohospodársky |
| 610 | 2 | 0 | |a kooperácia výroby |
| 610 | 2 | 0 | |a štruktúra organizačná |
| 610 | 2 | 0 | |a organizácia výroby |
| 610 | 2 | 0 | |a organizácia podniku |
| 100 | 1 | |a Javůrková, Jena | |